[Event "23rd ETCC Women 2021"]
[Site "Catez"]
[Date "2021.11.16"]
[Round "5.39"]
[White "Eric, Jovana"]
[Black "Barbier, Astrid"]
[Result "1-0"]
[WhiteElo "2253"]
[BlackElo "1915"]
[Annotator "NA"]
[PlyCount "75"]
[EventDate "2021.11.08"]
[EventType "team-tourn"]
[EventCountry "SLO"]
[SourceTitle "playchess.com"]
[Source "ChessBase"]
[SourceQuality "1"]
[WhiteTeam "Serbia"]
[BlackTeam "Belgium"]
[WhiteTeamCountry "SRB"]
[BlackTeamCountry "BEL"]
[TimeControl "40/5400+30:1800+30"]

1. e4 {[%emt 0:00:03]} e5 {[%emt 0:00:06]} 2. Nf3 {[%emt 0:00:11]} Nc6 {
[%emt 0:00:06]} 3. Bc4 {[%emt 0:00:42]} Bc5 {[%emt 0:00:11]} 4. O-O {[%emt 0:
00:24]} Nf6 {[%emt 0:01:04]} 5. d3 {[%emt 0:00:20]} a6 {[%emt 0:01:12]} 6. c3 {
[%emt 0:01:00]} Ba7 {[%emt 0:00:27]} 7. Bb3 {[%emt 0:00:42]} d6 {[%emt 0:00:37]
} 8. Nbd2 {[%emt 0:01:04]} O-O {[%emt 0:01:15]} 9. h3 {[%emt 0:00:59]} h6 {
[%emt 0:04:07]} 10. Re1 {[%emt 0:01:50]} Re8 {[%emt 0:01:02]} 11. Nf1 {[%emt 0:
01:03]} Ne7 {[%emt 0:03:16]} 12. Ng3 {[%emt 0:02:57]} Ng6 {[%emt 0:01:07]} 13.
d4 {[%emt 0:02:38]} Qe7 {[%emt 0:08:44]} 14. Nf5 {[%emt 0:06:08]} Qf8 {[%emt 0:
01:09]} 15. Bc2 {[%emt 0:04:44]} b5 {[%emt 0:06:14]} 16. a4 {[%emt 0:03:15]}
Bb7 {[%emt 0:01:35]} 17. d5 {[%emt 0:01:18]} Ne7 {[%emt 0:07:47]} 18. N3h4 {
[%emt 0:03:03]} Nxf5 {[%emt 0:06:20]} 19. Nxf5 {[%emt 0:00:07]} Red8 {[%emt 0:
01:18]} 20. Qf3 {[%emt 0:02:00]} c6 {[%emt 0:04:03]} 21. dxc6 {[%emt 0:00:43]}
Bxc6 {[%emt 0:00:51]} 22. Nxh6+ {[%emt 0:00:16]} gxh6 {[%emt 0:07:46]} 23. Qxf6
{[%emt 0:00:15]} Kh7 {[%emt 0:00:46]} 24. Qf5+ {[%emt 0:06:51]} Kh8 {[%emt 0:
00:52]} 25. Qh5 {[%emt 0:01:27]} Kh7 {[%emt 0:03:48]} 26. Bd1 {[%emt 0:02:48]}
Bd7 {[%emt 0:02:43]} 27. Bg4 {[%emt 0:00:31]} Be6 {[%emt 0:03:15]} 28. Be3 {
[%emt 0:03:40]} Qg7 {[%emt 0:04:41]} 29. Bxa7 {[%emt 0:00:26]} Rxa7 {[%emt 0:
00:05]} 30. axb5 {[%emt 0:00:11]} a5 {[%emt 0:00:12]} 31. Re3 {[%emt 0:02:50]}
Rb8 {[%emt 0:01:25]} 32. Bf5+ {[%emt 0:02:12]} Kh8 {[%emt 0:02:40]} 33. Bxe6 {
[%emt 0:00:33]} fxe6 {[%emt 0:00:13]} 34. Rg3 {[%emt 0:00:06]} Qf8 {[%emt 0:00:
48]} 35. Rg6 {[%emt 0:00:27]} Kh7 {[%emt 0:02:04]} 36. Rxe6 {[%emt 0:00:23]}
Rf7 {[%emt 0:01:34]} 37. Rxa5 {[%emt 0:00:46]} Qg7 {[%emt 0:01:25]} 38. Rxh6+ {
[%emt 0:00:51]} 1-0

[Event "23rd ETCC Women 2021"]
[Site "Catez"]
[Date "2021.11.16"]
[Round "5.40"]
[White "Dierckens, Sarah"]
[Black "Gajcin, Marina"]
[Result "0-1"]
[WhiteElo "1795"]
[BlackElo "2198"]
[Annotator "NA"]
[PlyCount "108"]
[EventDate "2021.11.08"]
[EventType "team-tourn"]
[EventCountry "SLO"]
[SourceTitle "playchess.com"]
[Source "ChessBase"]
[SourceQuality "1"]
[WhiteTeam "Belgium"]
[BlackTeam "Serbia"]
[WhiteTeamCountry "BEL"]
[BlackTeamCountry "SRB"]
[TimeControl "40/5400+30:1800+30"]

1. e4 {[%emt 0:00:04]} c5 {[%emt 0:00:04]} 2. Nf3 {[%emt 0:00:06]} Nc6 {
[%emt 0:00:06]} 3. d4 {[%emt 0:00:06]} cxd4 {[%emt 0:00:05]} 4. Nxd4 {[%emt 0:
00:05]} Nf6 {[%emt 0:00:45]} 5. Nc3 {[%emt 0:00:15]} e5 {[%emt 0:00:09]} 6.
Ndb5 {[%emt 0:00:12]} d6 {[%emt 0:00:06]} 7. Bg5 {[%emt 0:00:49]} a6 {[%emt 0:
00:16]} 8. Na3 {[%emt 0:00:14]} b5 {[%emt 0:00:19]} 9. Nd5 {[%emt 0:01:32]} Be7
{[%emt 0:00:04]} 10. Bxf6 {[%emt 0:01:52]} Bxf6 {[%emt 0:00:05]} 11. c3 {
[%emt 0:00:57]} Bg5 {[%emt 0:02:06]} 12. Nc2 {[%emt 0:07:14]} O-O {[%emt 0:00:
38]} 13. Qh5 {[%emt 0:03:06]} g6 {[%emt 0:13:47]} 14. Qf3 {[%emt 0:03:50]} f5 {
[%emt 0:03:20]} 15. h4 {[%emt 0:13:16]} fxe4 {[%emt 0:02:13]} 16. Qxe4 {
[%emt 0:08:50]} Bf5 {[%emt 0:04:00]} 17. Qe2 {[%emt 0:01:16]} Bxh4 {[%emt 0:02:
37]} 18. g3 {[%emt 0:05:16]} Bg5 {[%emt 0:07:57]} 19. Bg2 {[%emt 0:00:11]} Rb8
{[%emt 0:08:29]} 20. Nce3 {[%emt 0:03:18]} Be6 {[%emt 0:34:18]} 21. Be4 {
[%emt 0:04:03]} Qd7 {[%emt 0:02:11]} 22. Qd3 {[%emt 0:05:17]} Bxe3 {[%emt 0:01:
05]} 23. Qxe3 {[%emt 0:06:50]} Ne7 {[%emt 0:00:32]} 24. O-O-O {[%emt 0:03:49]}
Nxd5 {[%emt 0:01:00]} 25. Bxd5 {[%emt 0:02:20]} Bxd5 {[%emt 0:00:55]} 26. Rxd5
{[%emt 0:00:07]} Qc7 {[%emt 0:03:46]} 27. Rhd1 {[%emt 0:04:57]} Rf6 {[%emt 0:
03:35]} 28. Qg5 {[%emt 0:03:17]} Rbf8 {[%emt 0:01:48]} 29. Qh4 {[%emt 0:02:31]}
Qb6 {[%emt 0:02:01]} 30. Qb4 {[%emt 0:02:48]} Qxf2 {[%emt 0:01:13]} 31. Rxd6 {
[%emt 0:00:49]} Qxg3 {[%emt 0:01:38]} 32. Rxf6 {[%emt 0:01:21]} Qg5+ {[%emt 0:
00:49]} 33. Kc2 {[%emt 0:00:48]} Qxf6 {[%emt 0:00:15]} 34. Rd6 {[%emt 0:00:58]}
Qf5+ {[%emt 0:00:28]} 35. Kb3 {[%emt 0:00:56]} Qf4 {[%emt 0:00:20]} 36. Rxa6 {
[%emt 0:04:51]} Qxb4+ {[%emt 0:02:53]} 37. cxb4 {[%emt 0:02:24]} Re8 {[%emt 0:
01:40]} 38. Kc3 {[%emt 0:00:42]} e4 {[%emt 0:01:05]} 39. Kd2 {[%emt 0:00:09]}
Kg7 {[%emt 0:00:35]} 40. Ra7+ {[%emt 0:02:03]} Kh6 {[%emt 0:00:07]} 41. Ke3 {
[%emt 0:30:24]} g5 {[%emt 0:14:37]} 42. Ra5 {[%emt 0:00:00]} Kh5 {[%emt 0:10:
04]} 43. Rxb5 {[%emt 0:00:00]} Kg4 {[%emt 0:00:11]} 44. a4 {[%emt 0:00:00]} h5
{[%emt 0:00:47]} 45. Rc5 {[%emt 0:00:00]} h4 {[%emt 0:00:45]} 46. Rc1 {[%emt 0:
00:00]} h3 {[%emt 0:00:11]} 47. b5 {[%emt 0:00:00]} h2 {[%emt 0:07:14]} 48. b6
{[%emt 0:00:00]} Kh3 {[%emt 0:00:33]} 49. a5 {[%emt 0:00:00]} g4 {[%emt 0:00:
15]} 50. b7 {[%emt 0:00:00]} g3 {[%emt 0:00:11]} 51. Rc8 {[%emt 0:00:00]} h1=Q
{[%emt 0:00:08]} 52. Rxe8 {[%emt 0:01:18]} Qe1+ {[%emt 0:00:32]} 53. Kf4 {
[%emt 0:00:50]} Qf1+ {[%emt 0:00:18]} 54. Ke3 {[%emt 0:00:28]} Qf2+ {[%emt 0:
00:05]} 0-1

[Event "23rd ETCC Women 2021"]
[Site "Catez"]
[Date "2021.11.16"]
[Round "5.41"]
[White "Shvayger, Yuliya"]
[Black "Unuk, Laura"]
[Result "1/2-1/2"]
[WhiteElo "2351"]
[BlackElo "2353"]
[Annotator "NA"]
[PlyCount "104"]
[EventDate "2021.11.08"]
[EventType "team-tourn"]
[EventCountry "SLO"]
[SourceTitle "playchess.com"]
[Source "ChessBase"]
[SourceQuality "1"]
[WhiteTeam "Israel"]
[BlackTeam "Slovenia"]
[WhiteTeamCountry "ISR"]
[BlackTeamCountry "SLO"]
[TimeControl "40/5400+30:1800+30"]

1. e4 {[%emt 0:02:13]} e5 {[%emt 0:00:12]} 2. Nf3 {[%emt 0:00:17]} Nc6 {
[%emt 0:00:07]} 3. Nc3 {[%emt 0:00:13]} Nf6 {[%emt 0:00:15]} 4. Bb5 {[%emt 0:
00:13]} Nd4 {[%emt 0:02:45]} 5. Nxd4 {[%emt 0:01:40]} exd4 {[%emt 0:02:56]} 6.
Nd5 {[%emt 0:00:03]} Nxd5 {[%emt 0:06:11]} 7. exd5 {[%emt 0:00:04]} Qe7+ {
[%emt 0:03:27]} 8. Qe2 {[%emt 0:00:56]} a6 {[%emt 0:00:41]} 9. Bd3 {[%emt 0:06:
13]} d6 {[%emt 0:05:01]} 10. b3 {[%emt 0:08:51]} g6 {[%emt 0:08:53]} 11. Bb2 {
[%emt 0:01:32]} Bg7 {[%emt 0:04:20]} 12. Qxe7+ {[%emt 0:13:20]} Kxe7 {[%emt 0:
01:14]} 13. O-O {[%emt 0:00:07]} Re8 {[%emt 0:00:43]} 14. f4 {[%emt 0:14:04]}
f5 {[%emt 0:18:30]} 15. a4 {[%emt 0:01:29]} Bd7 {[%emt 0:04:42]} 16. a5 {
[%emt 0:06:15]} Bb5 {[%emt 0:02:58]} 17. Bxb5 {[%emt 0:06:33]} axb5 {[%emt 0:
00:04]} 18. Rfe1+ {[%emt 0:00:10]} Kd7 {[%emt 0:01:36]} 19. Rxe8 {[%emt 0:00:
26]} Rxe8 {[%emt 0:00:05]} 20. Kf2 {[%emt 0:00:10]} Ra8 {[%emt 0:06:54]} 21.
Ra2 {[%emt 0:03:44]} Bf6 {[%emt 0:00:50]} 22. c3 {[%emt 0:09:11]} c6 {[%emt 0:
11:36]} 23. dxc6+ {[%emt 0:01:48]} Kxc6 {[%emt 0:00:13]} 24. Ke2 {[%emt 0:04:
17]} Bd8 {[%emt 0:05:04]} 25. b4 {[%emt 0:00:53]} Kd5 {[%emt 0:00:05]} 26. Kd3
{[%emt 0:00:05]} Bf6 {[%emt 0:02:56]} 27. cxd4 {[%emt 0:00:56]} Ra6 {[%emt 0:
01:57]} 28. Bc3 {[%emt 0:01:28]} Ra8 {[%emt 0:02:01]} 29. Ra1 {[%emt 0:00:07]}
Bh4 {[%emt 0:02:10]} 30. Bb2 {[%emt 0:02:07]} Bf6 {[%emt 0:03:08]} 31. Rc1 {
[%emt 0:04:16]} Bd8 {[%emt 0:00:04]} 32. g3 {[%emt 0:00:21]} h6 {[%emt 0:03:21]
} 33. h3 {[%emt 0:00:24]} h5 {[%emt 0:00:06]} 34. Rh1 {[%emt 0:04:33]} Rc8 {
[%emt 0:00:54]} 35. Bc3 {[%emt 0:01:06]} Bf6 {[%emt 0:00:17]} 36. Ra1 {[%emt 0:
03:19]} Ra8 {[%emt 0:00:18]} 37. Bb2 {[%emt 0:00:45]} Re8 {[%emt 0:01:37]} 38.
Rc1 {[%emt 0:04:13]} Re4 {[%emt 0:00:24]} 39. Rc7 {[%emt 0:00:01]} Re7 {
[%emt 0:00:27]} 40. Rc8 {[%emt 0:01:04]} Rh7 {[%emt 0:00:55]} 41. h4 {[%emt 0:
01:34]} Re7 {[%emt 0:04:06]} 42. Rf8 {[%emt 0:02:21]} Bg7 {[%emt 0:02:08]} 43.
Rg8 {[%emt 0:00:02]} Rc7 {[%emt 0:00:48]} 44. Bc3 {[%emt 0:00:35]} Re7 {
[%emt 0:01:44]} 45. Ra8 {[%emt 0:01:18]} Bh6 {[%emt 0:13:58]} 46. a6 {[%emt 0:
06:36]} bxa6 {[%emt 0:00:04]} 47. Rxa6 {[%emt 0:00:02]} Re1 {[%emt 0:07:25]}
48. Ra1 {[%emt 0:07:11]} Rxa1 {[%emt 0:01:38]} 49. Bxa1 {[%emt 0:00:02]} Bg7 {
[%emt 0:00:03]} 50. Bb2 {[%emt 0:00:05]} Bf6 {[%emt 0:00:03]} 51. Ba1 {[%emt 0:
00:03]} Bg7 {[%emt 0:00:04]} 52. Bb2 {[%emt 0:00:04]} Bf6 {[%emt 0:00:06]}
1/2-1/2

[Event "23rd ETCC Women 2021"]
[Site "Catez"]
[Date "2021.11.16"]
[Round "5.42"]
[White "Urh, Zala"]
[Black "Klinova, Masha"]
[Result "1/2-1/2"]
[WhiteElo "2332"]
[BlackElo "2264"]
[Annotator "NA"]
[PlyCount "95"]
[EventDate "2021.11.08"]
[EventType "team-tourn"]
[EventCountry "SLO"]
[SourceTitle "playchess.com"]
[Source "ChessBase"]
[SourceQuality "1"]
[WhiteTeam "Slovenia"]
[BlackTeam "Israel"]
[WhiteTeamCountry "SLO"]
[BlackTeamCountry "ISR"]
[TimeControl "40/5400+30:1800+30"]

1. d4 {[%emt 0:00:03]} d6 {[%emt 0:00:05]} 2. Nf3 {[%emt 0:00:10]} g6 {[%emt 0:
00:17]} 3. c4 {[%emt 0:00:06]} Bg7 {[%emt 0:00:23]} 4. Nc3 {[%emt 0:00:12]} Nc6
{[%emt 0:00:49]} 5. d5 {[%emt 0:00:20]} Ne5 {[%emt 0:01:46]} 6. Nxe5 {[%emt 0:
00:18]} Bxe5 {[%emt 0:00:05]} 7. g3 {[%emt 0:00:34]} Bg7 {[%emt 0:08:58]} 8.
Bg2 {[%emt 0:01:11]} Nf6 {[%emt 0:00:18]} 9. O-O {[%emt 0:02:20]} O-O {[%emt 0:
00:16]} 10. e4 {[%emt 0:09:46]} e5 {[%emt 0:09:33]} 11. Rb1 {[%emt 0:13:46]} a5
{[%emt 0:01:01]} 12. a3 {[%emt 0:00:59]} Nd7 {[%emt 0:02:27]} 13. b4 {[%emt 0:
04:06]} axb4 {[%emt 0:01:44]} 14. axb4 {[%emt 0:00:07]} f5 {[%emt 0:00:08]} 15.
Ne2 {[%emt 0:14:52]} Nf6 {[%emt 0:13:24]} 16. f3 {[%emt 0:02:08]} fxe4 {
[%emt 0:02:23]} 17. fxe4 {[%emt 0:00:16]} Ng4 {[%emt 0:00:11]} 18. h3 {[%emt 0:
06:35]} Rxf1+ {[%emt 0:05:56]} 19. Qxf1 {[%emt 0:00:35]} Nh6 {[%emt 0:02:13]}
20. Nc3 {[%emt 0:03:22]} Nf7 {[%emt 0:06:37]} 21. Rb2 {[%emt 0:05:14]} Qe7 {
[%emt 0:03:45]} 22. Rf2 {[%emt 0:07:19]} Ra1 {[%emt 0:04:08]} 23. Ra2 {[%emt 0:
03:42]} Rxa2 {[%emt 0:00:34]} 24. Nxa2 {[%emt 0:00:06]} Bh6 {[%emt 0:00:10]}
25. Bxh6 {[%emt 0:02:53]} Nxh6 {[%emt 0:01:35]} 26. Qc1 {[%emt 0:00:42]} Nf7 {
[%emt 0:02:28]} 27. Qa3 {[%emt 0:01:36]} Kg7 {[%emt 0:07:41]} 28. Qa8 {[%emt 0:
02:41]} Qd7 {[%emt 0:05:00]} 29. Nc3 {[%emt 0:07:09]} Ng5 {[%emt 0:03:46]} 30.
h4 {[%emt 0:00:25]} Nh3+ {[%emt 0:00:54]} 31. Kh2 {[%emt 0:00:38]} Nf2 {
[%emt 0:00:38]} 32. Qa7 {[%emt 0:06:10]} Nd3 {[%emt 0:05:49]} 33. Nb5 {[%emt 0:
03:46]} c6 {[%emt 0:05:15]} 34. dxc6 {[%emt 0:02:25]} bxc6 {[%emt 0:00:33]} 35.
Qxd7+ {[%emt 0:00:13]} Bxd7 {[%emt 0:00:04]} 36. Nxd6 {[%emt 0:00:13]} Nxb4 {
[%emt 0:00:14]} 37. Bh3 {[%emt 0:01:03]} Bxh3 {[%emt 0:02:34]} 38. Kxh3 {
[%emt 0:00:02]} Kf6 {[%emt 0:02:00]} 39. Kg4 {[%emt 0:00:26]} Nd3 {[%emt 0:01:
20]} 40. Nb7 {[%emt 0:01:11]} h5+ {[%emt 0:01:02]} 41. Kf3 {[%emt 0:02:19]} Ke6
{[%emt 0:04:29]} 42. Ke2 {[%emt 0:19:07]} Nc1+ {[%emt 0:08:18]} 43. Ke3 {
[%emt 0:03:25]} Nb3 {[%emt 0:01:17]} 44. Nd8+ {[%emt 0:00:31]} Kd7 {[%emt 0:02:
25]} 45. Nf7 {[%emt 0:00:01]} Ke6 {[%emt 0:00:09]} 46. Nd8+ {[%emt 0:00:01]}
Kd7 {[%emt 0:00:39]} 47. Nf7 {[%emt 0:00:01]} Ke6 {[%emt 0:00:10]} 48. Nd8+ {
[%emt 0:07:36]} 1/2-1/2

[Event "23rd ETCC Women 2021"]
[Site "Catez"]
[Date "2021.11.16"]
[Round "5.43"]
[White "Levitan, Ronit"]
[Black "Janzelj, Lara"]
[Result "1-0"]
[WhiteElo "2068"]
[BlackElo "2150"]
[Annotator "NA"]
[PlyCount "111"]
[EventDate "2021.11.08"]
[EventType "team-tourn"]
[EventCountry "SLO"]
[SourceTitle "playchess.com"]
[Source "ChessBase"]
[SourceQuality "1"]
[WhiteTeam "Israel"]
[BlackTeam "Slovenia"]
[WhiteTeamCountry "ISR"]
[BlackTeamCountry "SLO"]
[TimeControl "40/5400+30:1800+30"]

1. e4 {[%emt 0:01:23]} e5 {[%emt 0:00:10]} 2. Nf3 {[%emt 0:00:07]} Nc6 {
[%emt 0:00:05]} 3. Bc4 {[%emt 0:00:07]} Nf6 {[%emt 0:00:25]} 4. d3 {[%emt 0:00:
21]} h6 {[%emt 0:00:14]} 5. a4 {[%emt 0:01:29]} d6 {[%emt 0:01:27]} 6. O-O {
[%emt 0:00:34]} g5 {[%emt 0:00:10]} 7. Nc3 {[%emt 0:01:03]} Bg7 {[%emt 0:00:48]
} 8. a5 {[%emt 0:00:37]} a6 {[%emt 0:03:06]} 9. d4 {[%emt 0:03:41]} Bg4 {
[%emt 0:07:56]} 10. dxe5 {[%emt 0:03:25]} Nxe5 {[%emt 0:01:19]} 11. Be2 {
[%emt 0:00:42]} Bxf3 {[%emt 0:07:09]} 12. Bxf3 {[%emt 0:00:08]} Nxf3+ {[%emt 0:
04:55]} 13. Qxf3 {[%emt 0:00:09]} Qe7 {[%emt 0:01:34]} 14. e5 {[%emt 0:08:34]}
dxe5 {[%emt 0:00:47]} 15. Qxb7 {[%emt 0:00:14]} O-O {[%emt 0:00:24]} 16. Re1 {
[%emt 0:06:18]} Qd6 {[%emt 0:06:12]} 17. Ne4 {[%emt 0:04:43]} Nxe4 {[%emt 0:00:
09]} 18. Qxe4 {[%emt 0:00:12]} Rab8 {[%emt 0:02:39]} 19. b3 {[%emt 0:02:02]}
Qe6 {[%emt 0:12:20]} 20. Bb2 {[%emt 0:11:32]} f5 {[%emt 0:03:08]} 21. Qe2 {
[%emt 0:06:17]} g4 {[%emt 0:04:09]} 22. Ra4 {[%emt 0:02:53]} Rf7 {[%emt 0:06:
07]} 23. Rc4 {[%emt 0:10:53]} Rb5 {[%emt 0:03:06]} 24. Bc3 {[%emt 0:00:40]} Rd5
{[%emt 0:01:34]} 25. Rd1 {[%emt 0:05:54]} Rxd1+ {[%emt 0:01:58]} 26. Qxd1 {
[%emt 0:00:10]} Rd7 {[%emt 0:00:07]} 27. Qe2 {[%emt 0:01:06]} Qd6 {[%emt 0:02:
17]} 28. h3 {[%emt 0:14:59]} h5 {[%emt 0:02:29]} 29. Bb4 {[%emt 0:01:06]} Qh6 {
[%emt 0:01:32]} 30. Ba3 {[%emt 0:06:16]} gxh3 {[%emt 0:06:42]} 31. gxh3 {
[%emt 0:00:08]} e4 {[%emt 0:02:15]} 32. Qf1 {[%emt 0:07:27]} Be5 {[%emt 0:00:
54]} 33. Bc1 {[%emt 0:00:31]} Rg7+ {[%emt 0:00:24]} 34. Kh1 {[%emt 0:00:08]}
Qg6 {[%emt 0:01:19]} 35. Rc5 {[%emt 0:00:52]} Bd6 {[%emt 0:00:23]} 36. Rd5 {
[%emt 0:00:38]} Qf6 {[%emt 0:03:36]} 37. Qxa6 {[%emt 0:00:49]} Qe6 {[%emt 0:06:
28]} 38. Qc4 {[%emt 0:00:23]} Kh7 {[%emt 0:00:17]} 39. Bb2 {[%emt 0:00:31]} Rg6
{[%emt 0:01:51]} 40. Rd1 {[%emt 0:00:07]} Qxc4 {[%emt 0:04:35]} 41. bxc4 {
[%emt 0:30:16]} Rg8 {[%emt 0:06:04]} 42. Rd5 {[%emt 0:00:00]} Kg6 {[%emt 0:01:
21]} 43. c5 {[%emt 0:00:00]} Bf4 {[%emt 0:01:06]} 44. c6 {[%emt 0:00:00]} Rb8 {
[%emt 0:05:15]} 45. Bd4 {[%emt 0:00:00]} Rb4 {[%emt 0:01:55]} 46. a6 {[%emt 0:
00:00]} Ra4 {[%emt 0:01:10]} 47. a7 {[%emt 0:00:00]} Bg5 {[%emt 0:00:54]} 48.
Rd7 {[%emt 0:00:00]} f4 {[%emt 0:00:24]} 49. Rxc7 {[%emt 0:00:00]} Bf6 {
[%emt 0:02:21]} 50. Bxf6 {[%emt 0:00:00]} Kxf6 {[%emt 0:00:08]} 51. Rf7+ {
[%emt 0:00:00]} Kxf7 {[%emt 0:00:06]} 52. c7 {[%emt 0:00:00]} e3 {[%emt 0:00:
44]} 53. fxe3 {[%emt 0:00:00]} fxe3 {[%emt 0:00:18]} 54. c8=Q {[%emt 0:00:00]}
e2 {[%emt 0:00:39]} 55. Qf5+ {[%emt 0:00:00]} Kg7 {[%emt 0:00:31]} 56. Qe5+ {
[%emt 0:00:00]} 1-0

[Event "23rd ETCC Women 2021"]
[Site "Catez"]
[Date "2021.11.16"]
[Round "5.44"]
[White "Rozman, Monika"]
[Black "Katkov, Michelle"]
[Result "1/2-1/2"]
[WhiteElo "2112"]
[BlackElo "2059"]
[Annotator "NA"]
[PlyCount "89"]
[EventDate "2021.11.08"]
[EventType "team-tourn"]
[EventCountry "SLO"]
[SourceTitle "playchess.com"]
[Source "ChessBase"]
[SourceQuality "1"]
[WhiteTeam "Slovenia"]
[BlackTeam "Israel"]
[WhiteTeamCountry "SLO"]
[BlackTeamCountry "ISR"]
[TimeControl "40/5400+30:1800+30"]

1. e4 {[%emt 0:00:03]} e5 {[%emt 0:00:07]} 2. Nf3 {[%emt 0:00:02]} Nc6 {
[%emt 0:00:07]} 3. Bc4 {[%emt 0:00:03]} Bc5 {[%emt 0:00:10]} 4. c3 {[%emt 0:00:
03]} Nf6 {[%emt 0:00:05]} 5. d3 {[%emt 0:00:04]} d6 {[%emt 0:00:06]} 6. O-O {
[%emt 0:00:04]} O-O {[%emt 0:00:44]} 7. Re1 {[%emt 0:00:07]} a5 {[%emt 0:00:19]
} 8. h3 {[%emt 0:00:15]} h6 {[%emt 0:00:08]} 9. Nbd2 {[%emt 0:00:20]} Be6 {
[%emt 0:00:16]} 10. Bb5 {[%emt 0:00:14]} Qb8 {[%emt 0:00:24]} 11. Nf1 {[%emt 0:
00:08]} Qa7 {[%emt 0:00:06]} 12. Be3 {[%emt 0:00:06]} Bxe3 {[%emt 0:00:07]} 13.
Nxe3 {[%emt 0:00:04]} a4 {[%emt 0:00:14]} 14. Bc4 {[%emt 0:17:31]} Bxc4 {
[%emt 0:03:36]} 15. Nxc4 {[%emt 0:00:10]} b5 {[%emt 0:01:32]} 16. Ne3 {[%emt 0:
00:30]} Rfe8 {[%emt 0:10:43]} 17. Nh4 {[%emt 0:04:42]} Ne7 {[%emt 0:05:46]} 18.
Qf3 {[%emt 0:02:45]} Rad8 {[%emt 0:09:46]} 19. Nhf5 {[%emt 0:03:12]} Nxf5 {
[%emt 0:00:18]} 20. Nxf5 {[%emt 0:00:15]} Kh7 {[%emt 0:01:18]} 21. d4 {[%emt 0:
04:50]} exd4 {[%emt 0:14:08]} 22. Nxd4 {[%emt 0:02:47]} Qb7 {[%emt 0:08:42]}
23. Qf5+ {[%emt 0:02:36]} Kg8 {[%emt 0:00:21]} 24. Qxb5 {[%emt 0:00:20]} Qxb5 {
[%emt 0:01:49]} 25. Nxb5 {[%emt 0:00:03]} Rb8 {[%emt 0:05:39]} 26. c4 {[%emt 0:
05:26]} Rxe4 {[%emt 0:03:04]} 27. b3 {[%emt 0:02:17]} axb3 {[%emt 0:05:34]} 28.
axb3 {[%emt 0:02:03]} Rxe1+ {[%emt 0:05:52]} 29. Rxe1 {[%emt 0:00:02]} Kf8 {
[%emt 0:01:55]} 30. Re3 {[%emt 0:02:47]} d5 {[%emt 0:00:57]} 31. Nxc7 {[%emt 0:
01:49]} dxc4 {[%emt 0:00:05]} 32. bxc4 {[%emt 0:00:20]} Rc8 {[%emt 0:00:06]}
33. Nd5 {[%emt 0:00:28]} Rxc4 {[%emt 0:00:39]} 34. Nxf6 {[%emt 0:00:23]} gxf6 {
[%emt 0:00:06]} 35. g3 {[%emt 0:01:29]} Kg7 {[%emt 0:00:11]} 36. Kg2 {[%emt 0:
04:02]} f5 {[%emt 0:02:38]} 37. Ra3 {[%emt 0:02:42]} Kg6 {[%emt 0:00:37]} 38.
Ra6+ {[%emt 0:05:11]} f6 {[%emt 0:00:33]} 39. Ra3 {[%emt 0:00:04]} Kg5 {
[%emt 0:01:51]} 40. Rb3 {[%emt 0:03:25]} h5 {[%emt 0:01:37]} 41. h4+ {[%emt 0:
30:35]} Kg6 {[%emt 0:30:12]} 42. Ra3 {[%emt 0:05:08]} Rb4 {[%emt 0:00:08]} 43.
Kf3 {[%emt 0:02:10]} Rc4 {[%emt 0:00:19]} 44. Rd3 {[%emt 0:00:09]} Rb4 {
[%emt 0:00:16]} 45. Ra3 {[%emt 0:03:28]} 1/2-1/2

[Event "23rd ETCC Women 2021"]
[Site "Catez"]
[Date "2021.11.16"]
[Round "5.45"]
[White "Pilsova, Karolina"]
[Black "Stojkovska, Monika"]
[Result "1-0"]
[WhiteElo "2281"]
[BlackElo "2066"]
[Annotator "NA"]
[PlyCount "81"]
[EventDate "2021.11.08"]
[EventType "team-tourn"]
[EventCountry "SLO"]
[SourceTitle "playchess.com"]
[Source "ChessBase"]
[SourceQuality "1"]
[WhiteTeam "Czech Republic"]
[BlackTeam "Macedonia"]
[WhiteTeamCountry "CZE"]
[BlackTeamCountry "MKD"]
[TimeControl "40/5400+30:1800+30"]

1. e4 {[%emt 0:24:51]} e6 2. d4 {[%emt 0:00:30]} d5 3. Nd2 {[%emt 0:00:30]} c5
4. exd5 {[%emt 0:00:30]} Qxd5 5. Ngf3 {[%emt 0:00:30]} cxd4 6. Bc4 {[%emt 0:00:
30]} Qd7 7. O-O {[%emt 0:00:30]} Nc6 8. Nb3 {[%emt 0:00:30]} a6 9. Nbxd4 {
[%emt 0:00:30]} Nxd4 10. Nxd4 {[%emt 0:00:30]} Qc7 11. Qe2 {[%emt 0:00:30]} Bd6
12. Kh1 {[%emt 0:00:30]} Ne7 13. Rd1 {[%emt 0:00:30]} Bxh2 {[%emt 0:50:59]} 14.
Bxe6 {[%emt 0:00:30]} Be5 {[%emt 0:00:30]} 15. Bxc8 {[%emt 0:00:30]} Rxc8 {
[%emt 0:00:30]} 16. Bg5 {[%emt 0:00:30]} O-O {[%emt 0:00:30]} 17. Nf3 {[%emt 0:
00:30]} Bxb2 {[%emt 0:00:30]} 18. Rab1 {[%emt 0:00:30]} Ba3 {[%emt 0:00:30]}
19. Rb3 {[%emt 0:00:30]} Bc5 {[%emt 0:00:30]} 20. Rc3 {[%emt 0:00:30]} Ng6 {
[%emt 0:00:30]} 21. Be3 {[%emt 0:00:30]} Qa5 {[%emt 0:00:30]} 22. Qc4 {[%emt 0:
00:30]} b5 {[%emt 0:00:30]} 23. Qb3 {[%emt 0:00:30]} Bxe3 {[%emt 0:00:30]} 24.
Rxe3 {[%emt 0:00:30]} Qc7 {[%emt 0:00:30]} 25. Rd2 {[%emt 0:00:30]} Qc4 {
[%emt 0:00:30]} 26. Kg1 {[%emt 0:00:30]} h6 {[%emt 0:00:30]} 27. Red3 {[%emt 0:
00:30]} Nf4 {[%emt 0:00:30]} 28. Rd7 {[%emt 0:00:30]} Rc5 {[%emt 0:00:30]} 29.
g3 {[%emt 0:00:30]} Ne2+ {[%emt 0:00:30]} 30. Kg2 {[%emt 0:00:30]} Nc3 {
[%emt 0:00:30]} 31. Ra7 {[%emt 0:00:30]} Qxb3 {[%emt 0:00:30]} 32. axb3 {
[%emt 0:00:30]} Rc6 {[%emt 0:00:30]} 33. Ne5 {[%emt 0:00:30]} Re6 {[%emt 0:00:
30]} 34. f4 {[%emt 0:00:30]} Ne4 {[%emt 0:00:30]} 35. Rdd7 {[%emt 0:00:30]} Rf6
{[%emt 0:00:30]} 36. Re7 {[%emt 0:00:30]} Rd8 {[%emt 0:00:30]} 37. Nxf7 {
[%emt 0:00:30]} Rd2+ {[%emt 0:00:30]} 38. Kf3 {[%emt 0:00:30]} Rf2+ {[%emt 0:
00:30]} 39. Ke3 {[%emt 0:00:30]} Rf1 {[%emt 0:00:30]} 40. Re8+ {[%emt 0:00:30]}
Kh7 {[%emt 0:00:30]} 41. Rxe4 {[%emt 0:30:30]} 1-0